Πρωτεύουσες - Ξαφνικός Θάνατος - Statistics

General Stats
  • This quiz has been taken 406 times
  • The average score is 16 of 28
Answers on the Grid
Answers color-coded by a green-red scale on the quiz's grid according to % correct below.
Αβάνα
Άγκυρα
Αθήνα
Αμβούργο
Βαγδάτη
Βαρσοβία
Βιέννη
Γουαϊκίκι
Δουβλίνο
Ελσίνκι
Κέιπ Τάουν
Λάγος
Λίμα
Ληντς
Λονδίνο
Μανίλα
Μαρακές
Μεδεγίν
Μέμφις
Μονρόβια
Μόσχα
Μουμπάι
Μπακού
Μπανγκόκ
Μπελμοπάν
Μπογκοτά
Ναϊρόμπι
Νέα Υόρκη
Ντουμπάι
Όκλαντ
Ομσκ
Όσλο
Πόρτο
Ριάντ
Ρώμη
Σάο Πάολο
Σεούλ
Σούβα
Σουραμπάγια
Σπλίτ
Σύδνεϋ
Τζος
Τιφλίδα
Τιχουάνα
Τόκυο
Τορίνο
Τορόντο
Τύνιδα
Φαλούτζα
Φριτάουν
 
Answer Stats
Answer % Correct
Αθήνα
92%
Άγκυρα
89%
Ελσίνκι
86%
Βιέννη
84%
Βαρσοβία
81%
Δουβλίνο
80%
Λονδίνο
77%
Αβάνα
75%
Βαγδάτη
67%
Μόσχα
67%
Λίμα
65%
Μανίλα
62%
Κέιπ Τάουν
58%
Ρώμη
56%
Όσλο
55%
Μπακού
52%
Σεούλ
50%
Τόκυο
49%
Μπανγκόκ
48%
Μπογκοτά
48%
Ναϊρόμπι
45%
Τιφλίδα
45%
Ριάντ
41%
Τύνιδα
37%
Μονρόβια
32%
Μπελμοπάν
28%
Φριτάουν
23%
Σούβα
21%
No matching quizzes found
Score Distribution
Percent of People with Each Score
Percentile by Number Answered
Your Score History
You have not taken this quiz